| 000 | 01192 a2200289 4500 | ||
|---|---|---|---|
| 999 |
_c200425016 _d35679 |
||
| 001 | 200425016 | ||
| 003 | TR-AnTOB | ||
| 005 | 20230914000913.0 | ||
| 008 | 160829b tu 000 0 | ||
| 040 |
_aTRTET _beng _erda _cTR-AnTOB |
||
| 041 | 0 | _atur | |
| 050 | 0 | 0 |
_aDS26 _bM89 2003 |
| 090 | _aDS26 M89 2003 | ||
| 245 | 1 | 0 |
_aMuzaffer Özdağ’ın Hatırasına Strateji Açısından Türk Dünyası’nın Meseleleri / _cyay.haz.: Mustafa Kahramanyol. |
| 264 |
_aAnkara: _bAnkara Ticaret Odası ; Türk Ocakları Genel Merkezi, _c2003 |
||
| 264 |
_b, _c©2003 |
||
| 300 |
_a63 pages. ; _c24 cm. |
||
| 336 |
_atext _2rdacontent. _btxt |
||
| 337 |
_aunmediated _2rdamedia. _bn |
||
| 338 |
_avolume _2rdacarrier. _bnc |
||
| 504 | _aIncludes index | ||
| 505 | _aI. Muzaffer Özdağ’ın Hayatı -- II. Düşünce Adamı Olarak Muzaffer Özdağ -- III. Arkadaşım Muzaffer Özdağ -- IV. Açış Konuşması -- V. Türk Dünyası Jeopolitiği'nin Uç Noktaları -- VI. Türk Dünyası'nın Geleceği -- VII. Türk Dünyası'nda Saçılım -- VIII. Avrasya ve Türkistan | ||
| 650 |
_aTürk halkları _xTarih _930447 |
||
| 650 | 0 |
_aTürkler _xTarih _914702 |
|
| 942 |
_cBK _2lcc |
||